Ele ve, que alhaja : gráfica y cultura popular /

Bibliographic Details
Main Authors: Ordóñez Malo, Daniel (Author), Tripaldi Proaño, Toa (Author), Estrella Toral, Rafael (Author)
Format: Electronic eBook
Language:Spanish
Published: Cuenca, Ecuador : Universidad del Azuay Casa Editora, [2018]
Edition:Primera edición.
Subjects:
Online Access:Digitalia Hispánica

MARC

LEADER 00000nam a2200000 i 4500
001 DIGUAZUAY0015
003 NyNyDIG
007 cr |||||||||||
008 240219s2018 ec ao ob 000 0 spa d
006 m o d
035 |a (OCoLC)1423252019 
040 |a DGITA  |b eng  |e rda  |e pn  |c DGITA 
020 |a 9789978325704  |q eBook 
020 |z 9789978325964 
043 |a s-ec--- 
050 1 4 |a NC1455.E2 ebook 
100 1 |a Ordóñez Malo, Daniel,  |e author. 
245 1 0 |a Ele ve, que alhaja :  |b gráfica y cultura popular /  |c Daniel Ordóñez Malo, Toa Tripaldi Proaño, Rafael Estrella Toral. 
250 |a Primera edición. 
264 1 |a Cuenca, Ecuador :  |b Universidad del Azuay Casa Editora,  |c [2018] 
300 |a 1 online resource :  |b color illustrations, color photographs. 
336 |a text  |b txt  |2 rdacontent 
337 |a computer  |b c  |2 rdamedia 
338 |a online resource  |b cr  |2 rdacarrier 
347 |a text file  |2 rdaft 
347 |b PDF 
588 0 |a Online resource; title from PDF title page (Digitalia, viewed February 19, 2024) 
650 0 |a Graphic arts  |z Ecuador. 
650 0 |a Folk art  |z Ecuador. 
650 0 |a Art and popular culture  |z Ecuador. 
700 1 |a Tripaldi Proaño, Toa,  |e author. 
700 1 |a Estrella Toral, Rafael,  |e author. 
791 2 |a Digitalia (Firm),  |e distributor. 
793 0 |g Digitalia eBook Collection:  |a Universidad del Azuay 
776 0 8 |i Print version:  |a Ordóñez Malo, Daniel.  |t Ele ve, que alhaja.  |b Primera edición.  |d Cuenca, Ecuador : Universidad del Azuay Casa Editora, [2018]  |z 9789978325964 
856 4 0 |3 Digitalia Hispánica  |u https://www.digitaliapublishing.com/a/133398/ 
910 |a Premium collection: 2024